South Sudan Country Quiz - Statistics

General Stats
  • This quiz has been taken 19,525 times
    19,480 since last reset
  • The average score is 13 of 17
Answer Stats
Clue Answer % Correct
Countries bordering South Sudan Sudan
97%
Countries bordering South Sudan Ethiopia
94%
Year in which South Sudan gained its independence 2011
91%
Colonial power who controlled South Sudan from 1899 –1956 United Kingdom
91%
Countries bordering South Sudan D.R. Congo
90%
Countries bordering South Sudan Central African Republic
89%
Countries bordering South Sudan Kenya
89%
Countries bordering South Sudan Uganda
88%
River on which the above lies {White} Nile
84%
Other "lingua franca" of South Sudan Arabic
81%
Official language English
81%
Capital of South Sudan Juba
80%
The Dinka people of South Sudan may be the _____ in the world. Manute Bol is a good example. Tallest
76%
Revenues from this industry constitute 98% of government revenue Oil
75%
Currency of South Sudan Pound
50%
World leader who gave Salva Kiir Mayardit, the first President of South Sudan, his trademark Stetson hat George W. Bush
44%
Vast swamplands that stymied early efforts to find the source of the above river Sudd
15%
No matching quizzes found
Score Distribution
Percent of People with Each Score
Percentile by Number Answered
Your Score History
You have not taken this quiz since the last reset